| 000 | 00763nam a22002057a 4500 | ||
|---|---|---|---|
| 999 |
_c8248 _d8248 |
||
| 003 | AR-CdUCM | ||
| 008 | 190322b ||||| |||| 00| 0 spa d | ||
| 040 |
_aMUNICIPALIDAD PROVINCIAL DEL CUSCO _cBIBLIOTECA MUNICIPAL DEL CUSCO |
||
| 082 |
_a513.28073 / _bA90 |
||
| 100 |
_aAyres, Frank _923212 |
||
| 245 | _aTeoría y problemas matemáticas / | ||
| 260 |
_aMéxico : _bLibros Mc GrawHill, _c1971. |
||
| 300 |
_a230 paginas ; _c29 cm. |
||
| 505 | _aContenido :Operaciones con números -- Exponentes y logaritmos -- Progresiones -- Interés simple -- Descuento simple ... | ||
| 650 |
_aMatemáticas financieras _919226 |
||
| 650 |
_aTextos universitarios _923213 |
||
| 700 |
_aOcampo Compean, Fernando (traductor) _923214 |
||
| 942 |
_2ddc _cLIBROS |
||
| 945 | _arum | ||